All Capitals starting with the Letter A - Statistics

General Stats
  • This quiz has been taken 64 times
  • The average score is 13 of 15
Answer Stats
Hint Answer % Correct
Netherlands Amsterdam
100%
Greece Athens
98%
Turkey Ankara
97%
United Arab Emirates Abu Dhabi
95%
Algeria Algiers
91%
Jordan Amman
91%
Ghana Accra
90%
Ethiopia Addis Ababa
90%
Andorra Andorra la Vella
88%
Kazakhstan Astana
88%
Nigeria Abuja
83%
Madagascar Antananarivo
72%
Samoa Apia
71%
Turkmenistan Ashgabat
71%
Eritrea Asmara
57%
No matching quizzes found
Score Distribution
Percent of People with Each Score
Percentile by Number Answered
Your Score History
You have not taken this quiz